000 002650000a22000970004500
100 1 _aPagán, Samuel
245 1 0 _aJésus y los fariseos
300 _aVol.60, núm.277 (Noviembre, diciembre, 2005), Páginas 30-31
773 0 _tLa Biblia de las Américas
942 _cANA
999 _c61625
_d61625